| 000 | 00656nam a22002417a 4500 | ||
|---|---|---|---|
| 001 | BR9511344 | ||
| 003 | BR-BrBNA | ||
| 005 | 20230928094852.0 | ||
| 007 | ta | ||
| 008 | 230509b bl.||||| |||| 00| 0 por d | ||
| 040 |
_aBR-BrBNA _bpor _cBiblioteca Nacional de Agricultura |
||
| 041 | _a(Por) | ||
| 072 | _aE40 | ||
| 090 | _ E40 BR9511344 | ||
| 110 | 1 |
_aAssociacao de Orientacao as Cooperativas do Nordeste, Recife, PE (Brasil) _9543 |
|
| 245 | 1 | _aA caminhada da ASSOCENE | |
| 260 | 3 |
_aRecife, PE (Brasil): _c1989. |
|
| 300 | _a37 p. | ||
| 650 | _aCooperativa | ||
| 650 | _aRegiao Nordeste | ||
| 909 |
_a202309 _bLucia _c55 _dLucia Elande |
||
| 942 | _cBK | ||
| 999 |
_c53123 _d53123 |
||